Muhammad Bin Qasim (Record no. 549795)

000 -LEADER
fixed length control field 00375nam a22001337a 4500
082 ## - DEWEY DECIMAL CLASSIFICATION NUMBER
Classification number 954.022
Author Mark SID
-- L-31, P-83
100 ## - MAIN ENTRY--PERSONAL NAME
Personal name Khalifa Nasiruddin Siddiqi
9 (RLIN) 46454
245 ## - TITLE STATEMENT
Title Muhammad Bin Qasim
Statement of responsibility, etc. Khalifa Nasiruddin Siddiqi
260 ## - PUBLICATION, DISTRIBUTION, ETC.
Place of publication, distribution, etc. Lahore
Name of publisher, distributor, etc. Ferozsons Ltd
300 ## - PHYSICAL DESCRIPTION
Extent ii, 79 P, :
526 ## - STUDY PROGRAM INFORMATION NOTE
Program name 0
Interest level 0
Reading level 0
Title point value 954_022000000000000_SID
650 ## - SUBJECT ADDED ENTRY--TOPICAL TERM
Topical term or geographic name entry element MCE
9 (RLIN) 379
942 ## - ADDED ENTRY ELEMENTS (KOHA)
Source of classification or shelving scheme
Koha item type Book
Holdings
Withdrawn status Lost status Source of classification or shelving scheme Damaged status Not for loan Permanent Location Current Location Date acquired Total Checkouts Full call number Barcode Date last seen Date last checked out Price effective from Koha item type
          Military College of Engineering (MCE) Military College of Engineering (MCE) 10/14/2014 1 954.022 SID MCE-3038 04/06/2018 04/05/2018 10/14/2014 Book
© 2023 Central Library, National University of Sciences and Technology. All Rights Reserved.